Online Catalogue and eLibrary

Reinventing Womanhood (Record no. 1659)

MARC details
000 -LEADER
fixed length control field 00538nam a2200217Ia 4500
005 - DATE AND TIME OF LATEST TRANSACTION
control field 20250130061351.0
008 - FIXED-LENGTH DATA ELEMENTS--GENERAL INFORMATION
fixed length control field 240331s9999 xx 000 0 und d
020 ## - INTERNATIONAL STANDARD BOOK NUMBER
ISBN 0393012107
082 ## - DDC Classification
Item Number - Author Mark HEI
DDC Edition Number 719
Class No. 305.4
100 ## - MAIN ENTRY--PERSONAL NAME
Personal name Heilbrun, C. G
245 #0 - TITLE STATEMENT
Title Reinventing Womanhood
260 ## - PUBLICATION, DISTRIBUTION, ETC.
Place of publication, distribution, etc. New York
Name of publisher, distributor, etc. W. W. Norton & Company
Date of publication, distribution, etc. 1979
260 ## - PUBLICATION, DISTRIBUTION, ETC.
Place of publication, distribution, etc. Toronto
Name of publisher, distributor, etc. George J. McLeod Limited
Date of publication, distribution, etc. 1979
300 ## - PHYSICAL DESCRIPTION
Extent (e.g. Volumes, Pages etc.) 244 p.,
650 ## - SUBJECT ADDED ENTRY--TOPICAL TERM
Topical term or geographic name entry element Women
650 ## - SUBJECT ADDED ENTRY--TOPICAL TERM
Topical term or geographic name entry element History
650 ## - SUBJECT ADDED ENTRY--TOPICAL TERM
Topical term or geographic name entry element Childhood
650 ## - SUBJECT ADDED ENTRY--TOPICAL TERM
Topical term or geographic name entry element Literature
650 ## - SUBJECT ADDED ENTRY--TOPICAL TERM
Topical term or geographic name entry element Family
942 ## - Koha item type (Biblio)
Koha item type Books in Stacks (Lending)
Holdings
Lost status Damaged status Collection code Home library Current library Shelving location Date acquired Full call number Accession Number Item type
    Lending WERC Library WERC Library Social Science Cupboard 03/31/2024 305.4 HEI 719 Books in Stacks (Lending)

© WERC Library